000 00398nam a22001577a 4500
003 OSt
005 20260309170409.0
008 260309b |||||||| |||| 00| 0 eng d
040 _cFLL
041 _aENG
_dENG
100 _aSRINATH,RAGHAVAN
_91131439
245 _aFORTH LION
_bESSAYS FOR GOPALAKRISHNAN
260 _aNEW DELHI
_bRUPA PUBLICATION
_c2021
300 _a282
942 _2CC
_cTB
_n0
999 _c1715002
_d1715002